Statistics for Name to Country

Click here to take the quiz!

General Stats

  • This quiz has been taken 65 times
  • The average score is 9 of 14

Answer Stats

NamesCountry% Correct
Kagawa, Usami, OkazakiJapan
93%
de Jong, van der Wiel, JanmaatNetherlands
91%
Singh, Ganesh, PatelIndia
89%
Rossi, Chiellini, AntonelliItaly
89%
Krychowiak, Olkowski, TeodorczykPoland
82%
Jallet, Valbuena, MathieuFrance
78%
Shevchenko, Yarmolenko, LylykUkraine
76%
Gislason, Gunnarsson, BjarnasonIceland
71%
Nielsen, Forren, HovlandNorway
69%
Karimi, Haghighi. AhmadiIran
45%
Bulut, Calhanoglu, SariogluTurkey
42%
Dobos, Somogyi, SzelesiHungary
40%
Masango, Matlaba, MokotojoSouth Africa
38%
Gorkss, Cauna, VisnakovsLatvia
29%

Score Distribution

Percentile by Number Answered

Percent of People with Each Score

Your Score History

You have not taken this quiz